000 01571nam0a2200313 4500
001 RU\NLR\bibl\837831
005 20250614144114.0
010 _a5-699-11680-X
_93000
021 _aRU
_b2005-45809
_92252
035 _a(NLR Aleph) 000826662
090 _a1334816
_c1334816
100 _a20050907d2005 |||y0rusy50 ca
101 0 _arus
102 _aRU
105 _ay |||||||||
200 1 _aАкцизы
_eкомментарий к главе 22 налогового кодекса Российской Федерации
_e[практическое руководство]
_fBKR-Интерком-Аудит
_g[Семенихин В.В. и др.]
_gпод общ. ред. В.В. Семенихина
210 _aМосква
_cЭксмо
_d2005
215 _a234, [1] с.
_d20
225 1 _aПрактическое руководство
225 1 _aПортфель бухгалтера
_eПБ
604 _171001$aРоссийская Федерация. Законы
_150011$aНалоговый кодекс Российской Федерации$2psbo
_aРоссийская Федерация. Законы
_tНалоговый кодекс Российской Федерации
606 1 _aАкцизы
_jЗаконодательные материалы
_jКомментарии
_yРоссийская Федерация
_92147648
_3RU\NLR\auth\661293736
686 _aХ622.219.5-39(2Р)
702 1 _aСеменихин
_bВ. В.
_4220
801 0 _aRU
_bNLR
_c20050907
_grcr
801 1 _aRU
_bNLR
_c20050907
942 _cBOOK
980 _aNB